| 000 | 01220cam a2200349 a 4500 | ||
|---|---|---|---|
| 001 | 129236 | ||
| 005 | 20230404125803.0 | ||
| 008 | 090513s2009 nyu 000 0 eng | ||
| 035 | _a15736795 | ||
| 010 | _a 2009016062 | ||
| 020 | _a9780451228819 | ||
| 040 |
_aDLC _cDLC _dDLC |
||
| 041 | _aEng | ||
| 043 | _an-us--- | ||
| 050 | 1 | 4 |
_a002 E 184 _bR621g 2009 |
| 082 | 0 | 0 | _a973/.0468 |
| 100 | 1 | _aRivera, Geraldo. | |
| 245 | 1 | 4 |
_aThe great progression : _bhow Hispanics will lead America to a new era of prosperity / _cGeraldo Rivera. |
| 260 |
_aNew York : _bNew American Library, _c[2009] |
||
| 300 |
_ax, 258 p. ; _c24 cm. |
||
| 500 | _a"A Celebra book." | ||
| 650 | 0 |
_aHispanic Americans _xEconomic conditions. |
|
| 650 | 0 |
_aHispanic Americans _xPolitics and government. |
|
| 651 | 0 |
_aUnited States _xEconomic conditions _y2001-2009. |
|
| 651 | 0 |
_aUnited States _xPolitics and government _y2001-2009. |
|
| 650 | 4 |
_aHispanoamericanos _xCondiciones económicas _y2001-2009. |
|
| 650 | 4 |
_aHispanoamericanos _xPolítica y gobierno _y2001-2009. |
|
| 650 | 4 |
_aEstados Unidos _xCondiciones económicas _y2001-2009. |
|
| 650 | 4 |
_aEstados Unidos _xPolítica y gobierno _y2001-2009. |
|
| 942 |
_2lcc _cbk |
||
| 946 | _advf | ||
| 999 |
_c4678 _d4678 |
||